000 005470000a22002170004500
003 LK-CoMWRAF
005 20230926185527.0
008 230817t ||||| |||| 00| 0 eng d
040 _aLK-CoMWRAF
_dLK-CoMWRAF
_eLK-CoMWRAF
041 _aeng
082 _a297.63
_bRAM
100 _aRao, Ramakrishna K. S.
245 _aMohammed :
_bThe prophet of Islam
260 _aBahrain
_bDicover Islam,
300 _a28p
650 _aMuhammed
650 _aProphet
650 _aIslam -- History
650 _aProphets -- Biography;
942 _cBK
999 _c599
_d599